00607cam a22002411 4500001001300000003000400013005001700017008004100034010001700075025001900092035002000111040002100131042001200152050001900164100004600183245002400229260001100253300001900264500001300283651001800296700003400314999001700348sa 67005858 DLC20260227112401.0940609s1965 pk 000 0 urdo  asa 67005858  aPL480:P-U-1397 a(OCoLC)30578876 aDLCcCUdCUdDLC apremarc00aDS461.1b.A2190 aBabur,cEmperor of Hindustan,d1483-1530.10aTuzuk-i Bābarī. c[1965] a289 p.c23 cm. aIn Urdu. 0aMogul Empire.1 aNadvī, Rashīd Ak̲h̲tar. c75502d75502